000 00245 a2200085 4500
020 _a9780199468096
100 _aPratyush Shankar
245 _aHistory of Urban Form of India From Beginning till 1900’s
260 _bOxford University Press, USA
_c2024
999 _c13187
_d13187